Το Linux για χρήσεις Windows / Πλήρης έκδοση SuSE Linux Professional με όλα τα Updates (Record no. 5149)
[ view plain ]
| 000 -LEADER | |
|---|---|
| fixed length control field | 01581cam a22001694a 4500 |
| 005 - ΗΜΕΡΟΜΗΝΙΑ ΚΑΙ ΩΡΑ ΤΕΛΕΥΤΑΙΑΣ ΕΝΗΜΕΡΩΣΗΣ | |
| Πεδίο ελέγχου | 20250605163453.0 |
| 008 - FIXED-LENGTH DATA ELEMENTS--GENERAL INFORMATION | |
| Πεδίο ελέγχου σταθερού μήκους | 250528s ||||||||||||||||||||||||d |
| 035 ## - SYSTEM CONTROL NUMBER | |
| System control number | 19907 |
| 040 ## - ΠΗΓΗ ΚΑΤΑΛΟΓΟΓΡΑΦΗΣΗΣ | |
| Φορέας πρωτότυπης καταλογογράφησης | MC Athens Campus Library |
| Γλώσσα καταλογογράφησης | Ελληνικά, Μοντέρνα (1453-) |
| Modifying agency | MC Athens Campus Library |
| Κανόνες περιγραφικής καταλογογράφησης | AACR2 |
| 245 1# - ΤΙΤΛΟΣ ΚΑΙ ΔΗΛΩΣΗ ΥΠΕΥΘΥΝΟΤΗΤΑΣ | |
| Τίτλος | Το Linux για χρήσεις Windows / Πλήρης έκδοση SuSE Linux Professional με όλα τα Updates |
| 260 ## - PUBLICATION, DISTRIBUTION, ETC. | |
| Name of publisher, distributor, etc. | Δημοσιογραφικός Οργανισμός Λαμπράκη, |
| Date of publication, distribution, etc. | 2006 |
| 300 ## - PHYSICAL DESCRIPTION | |
| Extent | 146 |
| 520 ## - SUMMARY, ETC. | |
| Summary, etc. | Περιέχει συνοδευτικά DVD-ROM. Εξορκίζοντας τις Προκαταλήψεις, Ποιός είναι αυτός ο Κύριος Tux, Linux για Όλους, Βασικές Έννοιες και Εγκατάσταση, Γραφικό Καλωσόρισμα, Ανοιχτά Παράθυρα, (Δια)δικτύωση, Linux αλά Ελληνικά, Χρήστης Καλεί Πυρήνα, Χορεύοντας με τους Πιγκουίνους, Ήρεμη Δύναμη, Παραθυρικές Εφαρμογές, Το Δέντρο της Γνώσης, Κέλυφος και Αρχεία, Ενισχυμένο Κέλυφος, Έξυπνη Αλληλεπίδραση, Ολοκληρωμένη Δημιουργία, Ανοίγοντας το Δρόμο, Λιγότερο Σαματά, Γρηγορότερη Πλοήγηση, Αποθηκευτικά Κοινόβια, Κάτι για τους Απέξω, Δικτυακή Παρουσία, Μυστικές Συνεδρίες, Hacking με τον Πιγκουίνο. |
| 942 ## - ADDED ENTRY ELEMENTS (KOHA) | |
| Koha item type | Books |
| Τύπος τεκμηρίου | Βιβλιοθήκη | Τρέχουσα τοποθεσία | Barcode | Αριθμός εισαγωγής | Ημερομηνία απόκτησης | Ταξιθετικό σύμβολο | Αριθμός αντιτύπου | Κατάσταση απόσυρσης | Κατάσταση χαμένου | Κατάσταση κατεστραμμένου | Μη δανεισμός | Σύνολο δανεισμών | Ημερομηνία τελευταίας εμφάνισης | Η τιμή ισχύει από |
|---|---|---|---|---|---|---|---|---|---|---|---|---|---|---|
| Books | MC Athens Campus Library | MC Athens Campus Library | 9780000051486 | 6113 | 05/06/2025 | 005.446 LIN | 1 | 05/06/2025 | 05/06/2025 |